Some aspects of tenants` break clauses (Record no. 5295)
[ view plain ]
| 000 -LEADER | |
|---|---|
| fixed length control field | 01060cab a2200217 4500 |
| 001 - CONTROL NUMBER | |
| control field | ABS38072 |
| 008 - FIXED-LENGTH DATA ELEMENTS--GENERAL INFORMATION | |
| fixed length control field | 090401t1987 xxu||||| |||| 00| 0 eng d |
| 035 ## - SYSTEM CONTROL NUMBER | |
| System control number | (Sirsi) u8562 |
| 041 ## - LANGUAGE CODE | |
| Language code of text/sound track or separate title | eng |
| 100 ## - MAIN ENTRY--PERSONAL NAME | |
| Personal name | Bond, R. |
| 245 ## - TITLE STATEMENT | |
| Title | Some aspects of tenants` break clauses |
| 260 ## - PUBLICATION, DISTRIBUTION, ETC. | |
| Date of publication, distribution, etc. | 1987 |
| 350 ## - PRICE (NR) (BK AM CF MU VM SE) [OBSOLETE] | |
| Price | 0 |
| 490 ## - SERIES STATEMENT | |
| Series statement | Estates Gazette |
| Volume/sequential designation | 283(6349) 29 August 1987, 921-925(3) |
| 520 ## - SUMMARY, ETC. | |
| Summary, etc. | This article examines break clauses in commercial leases exercisable by the tenant only. Examines the landlord`s position, considering such aspects as successors in title and time of the essence and the tenant`s position, referring to performance of repairing covenants , dilapidations and new tenants. Goes on to discuss the effect of break clauses on new developments, looking at the options available to an investor if a break clause is exercised during a developer`s twenty-five year guarantee period. |
| 650 ## - SUBJECT ADDED ENTRY--TOPICAL TERM | |
| Topical term or geographic name entry element | BUSINESS TENANCIES |
| 650 ## - SUBJECT ADDED ENTRY--TOPICAL TERM | |
| Topical term or geographic name entry element | PROPERTY DEVELOPMENT |
| 690 ## - LOCAL SUBJECT ADDED ENTRY--TOPICAL TERM (OCLC, RLIN) | |
| Topical term or geographic name as entry element | LANDLORD AND TENANT-BUSINESS TENANCIES |
| 942 ## - ADDED ENTRY ELEMENTS (KOHA) | |
| Suppress in OPAC | 0 |
| 948 ## - LOCAL PROCESSING INFORMATION (OCLC); SERIES PART DESIGNATOR (RLIN) | |
| c (OCLC) | 04/03/1997 |
| Withdrawn status | Lost status | Source of classification or shelving scheme | Damaged status | Not for loan | Home library | Current library | Shelving location | Date acquired | Total Checkouts | Full call number | Barcode | Date last seen | Copy number | Price effective from | Koha item type |
|---|---|---|---|---|---|---|---|---|---|---|---|---|---|---|---|
| Dewey Decimal Classification | London | London | Journal article | 14/09/1999 | ABS38072 | 8562-1001 | 06/08/2019 | 1 | 06/08/2019 | Journal article |